<?xml version="1.0" encoding="UTF-8"?>
<collection xmlns="http://www.loc.gov/MARC21/slim">
    <record>
        <controlfield tag="001">103165</controlfield>
        <controlfield tag="005">20210615083759.0</controlfield>
        <datafield tag="037" ind1=" " ind2=" ">
            <subfield code="a">GDOC-2020-27129</subfield>
        </datafield>
        <datafield tag="041" ind1=" " ind2=" ">
            <subfield code="a">spa</subfield>
        </datafield>
        <datafield tag="041" ind1=" " ind2=" ">
            <subfield code="a">eng</subfield>
        </datafield>
        <datafield tag="100" ind1=" " ind2=" ">
            <subfield code="0">(orcid)0000-0002-5175-8394</subfield>
            <subfield code="1">363445</subfield>
            <subfield code="a">Luis Alberto Anel, Bernal</subfield>
        </datafield>
        <datafield tag="245" ind1="0" ind2="0">
            <subfield code="9">27129</subfield>
            <subfield code="a">Trabajo fin de Grado</subfield>
        </datafield>
        <datafield tag="242" ind1="0" ind2="0">
            <subfield code="9">27129</subfield>
            <subfield code="a">Undergraduate Dissertation</subfield>
        </datafield>
        <datafield tag="260" ind1=" " ind2=" ">
            <subfield code="a">Zaragoza</subfield>
            <subfield code="b">Universidad de Zaragoza</subfield>
            <subfield code="c">2020-2021</subfield>
        </datafield>
        <datafield tag="521" ind1=" " ind2=" ">
            <subfield code="9">125</subfield>
            <subfield code="a">Graduado en Biotecnología</subfield>
            <subfield code="b">Degree in Biotechnology</subfield>
        </datafield>
        <datafield tag="540" ind1=" " ind2=" ">
            <subfield code="a">by-nc-sa</subfield>
            <subfield code="b">Creative Commons</subfield>
            <subfield code="c">3.0</subfield>
            <subfield code="u">http://creativecommons.org/licenses/by-nc-sa/3.0/</subfield>
        </datafield>
        <datafield tag="700" ind1=" " ind2=" ">
            <subfield code="0">(orcid)0000-0002-8134-0693</subfield>
            <subfield code="1">794215</subfield>
            <subfield code="a">Jesús Andrés Arenas, Busto</subfield>
        </datafield>
        <datafield tag="700" ind1=" " ind2=" ">
            <subfield code="1">836665</subfield>
            <subfield code="a">Sandra Arroyo, Urea</subfield>
        </datafield>
        <datafield tag="700" ind1=" " ind2=" ">
            <subfield code="0">(orcid)0000-0002-8585-6371</subfield>
            <subfield code="1">333040</subfield>
            <subfield code="a">María Pilar Bayona, Bafaluy</subfield>
        </datafield>
        <datafield tag="700" ind1=" " ind2=" ">
            <subfield code="0">(orcid)0000-0002-6546-6149</subfield>
            <subfield code="1">706559</subfield>
            <subfield code="a">Andrea Bellés, Miralles</subfield>
        </datafield>
        <datafield tag="700" ind1=" " ind2=" ">
            <subfield code="0">(orcid)0000-0002-8181-2689</subfield>
            <subfield code="1">367132</subfield>
            <subfield code="a">María Teresa Bes, Fustero</subfield>
        </datafield>
        <datafield tag="700" ind1=" " ind2=" ">
            <subfield code="0">(orcid)0000-0003-0029-4822</subfield>
            <subfield code="1">416474</subfield>
            <subfield code="a">Ana Isabel Betrán, Escartín</subfield>
        </datafield>
        <datafield tag="700" ind1=" " ind2=" ">
            <subfield code="1">666361</subfield>
            <subfield code="a">Juan Calvet, Seral</subfield>
        </datafield>
        <datafield tag="700" ind1=" " ind2=" ">
            <subfield code="0">(orcid)0000-0001-5193-7782</subfield>
            <subfield code="1">309550</subfield>
            <subfield code="a">Ana Cristina Calvo, Royo</subfield>
        </datafield>
        <datafield tag="700" ind1=" " ind2=" ">
            <subfield code="0">(orcid)0000-0003-0062-1029</subfield>
            <subfield code="1">389892</subfield>
            <subfield code="a">José Alberto Carrodeguas, Villar</subfield>
        </datafield>
        <datafield tag="700" ind1=" " ind2=" ">
            <subfield code="0">(orcid)0000-0002-5049-3646</subfield>
            <subfield code="1">457482</subfield>
            <subfield code="a">Guillermo Cebrián, Auré</subfield>
        </datafield>
        <datafield tag="700" ind1=" " ind2=" ">
            <subfield code="0">(orcid)0000-0002-9138-6687</subfield>
            <subfield code="1">442216</subfield>
            <subfield code="a">Nunilo Cremades, Casasin</subfield>
        </datafield>
        <datafield tag="700" ind1=" " ind2=" ">
            <subfield code="0">(orcid)0000-0001-8971-7355</subfield>
            <subfield code="1">147736</subfield>
            <subfield code="a">Patricio Fernández, Silva</subfield>
        </datafield>
        <datafield tag="700" ind1=" " ind2=" ">
            <subfield code="0">(orcid)0000-0003-4076-6118</subfield>
            <subfield code="1">390600</subfield>
            <subfield code="a">Patricia Ferreira, Neila</subfield>
        </datafield>
        <datafield tag="700" ind1=" " ind2=" ">
            <subfield code="0">(orcid)0000-0001-8644-4574</subfield>
            <subfield code="1">127267</subfield>
            <subfield code="a">María Francisca Fillat, Castejón</subfield>
        </datafield>
        <datafield tag="700" ind1=" " ind2=" ">
            <subfield code="0">(orcid)0000-0002-2954-1068</subfield>
            <subfield code="1">647757</subfield>
            <subfield code="a">Laura García, Mendívil</subfield>
        </datafield>
        <datafield tag="700" ind1=" " ind2=" ">
            <subfield code="0">(orcid)0000-0002-4254-3148</subfield>
            <subfield code="1">793042</subfield>
            <subfield code="a">Javier García, Nafría</subfield>
        </datafield>
        <datafield tag="700" ind1=" " ind2=" ">
            <subfield code="0">(orcid)0000-0002-9864-7683</subfield>
            <subfield code="1">306733</subfield>
            <subfield code="a">José Manuel García, Aznar</subfield>
        </datafield>
        <datafield tag="700" ind1=" " ind2=" ">
            <subfield code="0">(orcid)0000-0003-0145-3020</subfield>
            <subfield code="1">302873</subfield>
            <subfield code="a">Nuria Garrido, Pérez</subfield>
        </datafield>
        <datafield tag="700" ind1=" " ind2=" ">
            <subfield code="0">(orcid)0000-0002-5306-9365</subfield>
            <subfield code="1">447904</subfield>
            <subfield code="a">Laura Grasa, López</subfield>
        </datafield>
        <datafield tag="700" ind1=" " ind2=" ">
            <subfield code="0">(orcid)0000-0002-0474-255X</subfield>
            <subfield code="1">699627</subfield>
            <subfield code="a">Jorge Guío, Martínez</subfield>
        </datafield>
        <datafield tag="700" ind1=" " ind2=" ">
            <subfield code="0">(orcid)0000-0003-2044-4795</subfield>
            <subfield code="1">502005</subfield>
            <subfield code="a">Beatriz Herguedas, Francés</subfield>
        </datafield>
        <datafield tag="700" ind1=" " ind2=" ">
            <subfield code="0">(orcid)0000-0002-6806-9990</subfield>
            <subfield code="1">667978</subfield>
            <subfield code="a">Adelaida Hernaiz, Martorell</subfield>
        </datafield>
        <datafield tag="700" ind1=" " ind2=" ">
            <subfield code="0">(orcid)0000-0003-4904-2319</subfield>
            <subfield code="1">386269</subfield>
            <subfield code="a">María Iturralde, Navarro</subfield>
        </datafield>
        <datafield tag="700" ind1=" " ind2=" ">
            <subfield code="0">(orcid)0000-0001-9142-0737</subfield>
            <subfield code="1">331518</subfield>
            <subfield code="a">Estíbaliz Jarauta, Simón</subfield>
        </datafield>
        <datafield tag="700" ind1=" " ind2=" ">
            <subfield code="0">(orcid)0000-0002-9647-0108</subfield>
            <subfield code="1">577437</subfield>
            <subfield code="a">Itziar Lamiquiz, Moneo</subfield>
        </datafield>
        <datafield tag="700" ind1=" " ind2=" ">
            <subfield code="0">(orcid)0000-0002-5797-3909</subfield>
            <subfield code="1">538792</subfield>
            <subfield code="a">Eva Latorre, Duque</subfield>
        </datafield>
        <datafield tag="700" ind1=" " ind2=" ">
            <subfield code="0">(orcid)0000-0002-3364-1512</subfield>
            <subfield code="1">587983</subfield>
            <subfield code="a">Juan Mangas, Sánchez</subfield>
        </datafield>
        <datafield tag="700" ind1=" " ind2=" ">
            <subfield code="0">(orcid)0000-0002-7477-8742</subfield>
            <subfield code="1">502634</subfield>
            <subfield code="a">Raquel Manzano, Martínez</subfield>
        </datafield>
        <datafield tag="700" ind1=" " ind2=" ">
            <subfield code="0">(orcid)0000-0003-3384-7534</subfield>
            <subfield code="1">486316</subfield>
            <subfield code="a">Pedro Marco, Montori</subfield>
        </datafield>
        <datafield tag="700" ind1=" " ind2=" ">
            <subfield code="0">(orcid)0000-0001-9096-2294</subfield>
            <subfield code="1">388432</subfield>
            <subfield code="a">José María Marín, Trigo</subfield>
        </datafield>
        <datafield tag="700" ind1=" " ind2=" ">
            <subfield code="0">(orcid)0000-0001-6016-4726</subfield>
            <subfield code="1">142170</subfield>
            <subfield code="a">Inmaculada Martín, Burriel</subfield>
        </datafield>
        <datafield tag="700" ind1=" " ind2=" ">
            <subfield code="0">(orcid)0000-0002-8100-5596</subfield>
            <subfield code="1">103171</subfield>
            <subfield code="a">Roberto Martínez, Beamonte</subfield>
        </datafield>
        <datafield tag="700" ind1=" " ind2=" ">
            <subfield code="0">(orcid)0000-0001-6650-8294</subfield>
            <subfield code="1">534998</subfield>
            <subfield code="a">Rocío Mateo, Gallego</subfield>
        </datafield>
        <datafield tag="700" ind1=" " ind2=" ">
            <subfield code="0">(orcid)0000-0001-8743-0182</subfield>
            <subfield code="1">133878</subfield>
            <subfield code="a">María Milagros Medina, Trullenque</subfield>
        </datafield>
        <datafield tag="700" ind1=" " ind2=" ">
            <subfield code="0">(orcid)0000-0002-2494-102X</subfield>
            <subfield code="1">387401</subfield>
            <subfield code="a">Miguel Alejandro Menéndez, Sastre</subfield>
        </datafield>
        <datafield tag="700" ind1=" " ind2=" ">
            <subfield code="0">(orcid)0000-0002-2202-3460</subfield>
            <subfield code="1">126725</subfield>
            <subfield code="a">Pedro Merino, Filella</subfield>
        </datafield>
        <datafield tag="700" ind1=" " ind2=" ">
            <subfield code="0">(orcid)0000-0001-6733-9373</subfield>
            <subfield code="1">652325</subfield>
            <subfield code="a">Sara Miguel, Jiménez</subfield>
        </datafield>
        <datafield tag="700" ind1=" " ind2=" ">
            <subfield code="0">(orcid)0000-0003-2436-7205</subfield>
            <subfield code="1">645983</subfield>
            <subfield code="a">Leticia Moreno, García</subfield>
        </datafield>
        <datafield tag="700" ind1=" " ind2=" ">
            <subfield code="0">(orcid)0000-0002-6600-1618</subfield>
            <subfield code="1">420457</subfield>
            <subfield code="a">Raquel Moreno, Loshuertos</subfield>
        </datafield>
        <datafield tag="700" ind1=" " ind2=" ">
            <subfield code="0">(orcid)0000-0002-0108-1004</subfield>
            <subfield code="1">327018</subfield>
            <subfield code="a">María Ángeles Navarro, Ferrando</subfield>
        </datafield>
        <datafield tag="700" ind1=" " ind2=" ">
            <subfield code="0">(orcid)0000-0003-2410-5678</subfield>
            <subfield code="1">390417</subfield>
            <subfield code="a">Ignacio Ochoa, Garrido</subfield>
        </datafield>
        <datafield tag="700" ind1=" " ind2=" ">
            <subfield code="0">(orcid)0000-0003-3982-1263</subfield>
            <subfield code="1">443541</subfield>
            <subfield code="a">Laura Ordovas, Vidal</subfield>
        </datafield>
        <datafield tag="700" ind1=" " ind2=" ">
            <subfield code="0">(orcid)0000-0002-8251-8457</subfield>
            <subfield code="1">149632</subfield>
            <subfield code="a">Jesús de la Osada, García</subfield>
        </datafield>
        <datafield tag="700" ind1=" " ind2=" ">
            <subfield code="0">(orcid)0000-0001-6139-5905</subfield>
            <subfield code="1">649506</subfield>
            <subfield code="a">Laura Paz, Artigas</subfield>
        </datafield>
        <datafield tag="700" ind1=" " ind2=" ">
            <subfield code="0">(orcid)0000-0002-0664-5024</subfield>
            <subfield code="1">407557</subfield>
            <subfield code="a">Estefanía Peña, Baquedano</subfield>
        </datafield>
        <datafield tag="700" ind1=" " ind2=" ">
            <subfield code="0">(orcid)0000-0002-2312-6402</subfield>
            <subfield code="1">322002</subfield>
            <subfield code="a">Rosaura María Pérez, Pe</subfield>
        </datafield>
        <datafield tag="700" ind1=" " ind2=" ">
            <subfield code="0">(orcid)0000-0003-3203-6254</subfield>
            <subfield code="1">386506</subfield>
            <subfield code="a">Juan Pié, Juste</subfield>
        </datafield>
        <datafield tag="700" ind1=" " ind2=" ">
            <subfield code="0">(orcid)0000-0001-5823-7965</subfield>
            <subfield code="1">317837</subfield>
            <subfield code="a">Victoriano Polo, Ortiz</subfield>
        </datafield>
        <datafield tag="700" ind1=" " ind2=" ">
            <subfield code="0">(orcid)0000-0003-4128-2836</subfield>
            <subfield code="1">649836</subfield>
            <subfield code="a">Itziar Ríos, Ruiz</subfield>
        </datafield>
        <datafield tag="700" ind1=" " ind2=" ">
            <subfield code="0">(orcid)0000-0002-3595-7668</subfield>
            <subfield code="1">385710</subfield>
            <subfield code="a">María Jesús Rodríguez, Yoldi</subfield>
        </datafield>
        <datafield tag="700" ind1=" " ind2=" ">
            <subfield code="0">(orcid)0000-0002-0269-7337</subfield>
            <subfield code="1">441517</subfield>
            <subfield code="a">Eduardo Ruiz, Pesini</subfield>
        </datafield>
        <datafield tag="700" ind1=" " ind2=" ">
            <subfield code="0">(orcid)0000-0001-6435-3540</subfield>
            <subfield code="1">433391</subfield>
            <subfield code="a">Emma Sevilla, Miguel</subfield>
        </datafield>
        <datafield tag="700" ind1=" " ind2=" ">
            <subfield code="0">(orcid)0000-0001-8056-5236</subfield>
            <subfield code="1">401802</subfield>
            <subfield code="a">Estela María Solanas, Villacampa</subfield>
        </datafield>
        <datafield tag="700" ind1=" " ind2=" ">
            <subfield code="0">(orcid)0000-0001-9022-2835</subfield>
            <subfield code="1">332483</subfield>
            <subfield code="a">Jaime Soler, Herrero</subfield>
        </datafield>
        <datafield tag="700" ind1=" " ind2=" ">
            <subfield code="0">(orcid)0000-0002-7243-1737</subfield>
            <subfield code="1">662371</subfield>
            <subfield code="a">Janne Markus Toivonen,  </subfield>
        </datafield>
        <datafield tag="700" ind1=" " ind2=" ">
            <subfield code="1">488275</subfield>
            <subfield code="a">Elisabet Vera, Solsona</subfield>
        </datafield>
        <datafield tag="830" ind1=" " ind2=" ">
            <subfield code="9">446</subfield>
        </datafield>
        <datafield tag="856" ind1="4" ind2=" ">
            <subfield code="s">27429</subfield>
            <subfield code="u">http://zaguan.unizar.es/record/103165/files/guia-27129-en.pdf</subfield>
            <subfield code="y">Guide (english)</subfield>
        </datafield>
        <datafield tag="856" ind1="4" ind2=" ">
            <subfield code="s">30150</subfield>
            <subfield code="u">http://zaguan.unizar.es/record/103165/files/guia-27129-es.pdf</subfield>
            <subfield code="y">Guía (idioma español)</subfield>
        </datafield>
        <datafield tag="970" ind1=" " ind2=" ">
            <subfield code="a">GDOC-2020-27129</subfield>
        </datafield>
        <datafield tag="980" ind1=" " ind2=" ">
            <subfield code="a">GDOC</subfield>
            <subfield code="b">Sciences</subfield>
            <subfield code="b">Ciencias</subfield>
            <subfield code="c">100</subfield>
        </datafield>
    </record>

    
</collection>